| 000 | 01198nam a22002657a 4500 | ||
|---|---|---|---|
| 005 | 20170124103115.0 | ||
| 010 | _aB-151418 | ||
| 020 |
_c185.00 _a8187472308 |
||
| 035 | _aB-151418 | ||
| 037 | _bCen Lib/Ret | ||
| 040 |
_aDPL _bHN |
||
| 082 |
_a609 _bनिरुप |
||
| 100 |
_aनिरुपमा _980575 |
||
| 245 |
_aविज्ञान की अदभुत खोजें / _cनिरुपमा; सचित्र मुकेश नादान |
||
| 246 |
_aVigyaan ki adbhut khojein / _bby Nirupama; sachitra Mukesh Nadan |
||
| 260 |
_aनयी दिल्ली _bविजय पब्लिशर्स _c2006 |
||
| 270 |
_a5, गोला मार्किट, दरिया गंज _bनयी दिल्ली _e110002 |
||
| 300 |
_a160पृ. : _c21सेमी (सजिल्द) _bसचित्र |
||
| 650 |
_aविज्ञान के क्षेत्र में खोजों। _980576 |
||
| 650 |
_aविज्ञान _980577 |
||
| 650 |
_aDiscoveries in science. _980578 |
||
| 650 |
_aScience _910795 |
||
| 700 |
_aनादान, मुकेश _980579 |
||
| 942 |
_2ddc _cHN _h609 _mनिरूप |
||
| 999 |
_c118505 _d118505 |
||